000 01299nam a2200385 c 4500
001 60546
003 CO-BoRNBP
005 20260218221311.0
007 ta
008 160825s2008 sp g 000 0 spa
020 _a9788420633633
020 _a97884206336012
_q(Colección)
020 _a8420633633
040 _aCO-BoRNBP
_bspa
_erda
_cCO-BoRNBP
041 0 _aspa
043 _as-ck---
084 _aN PRO1
100 1 7 _aProust, Marcel,
_d1871-1922
_eaut
_92636
245 1 0 _aEn busca del tiempo perdido, 1 :
_bpor el camino de Swan /
_cMarcel Proust ; traducido por Pedro Salinas.
250 _a1a. edición
_b11a. reimpresión
264 1 _aMadird, España :
_bAlianza,
_c2008
_c2007
300 _a517 páginas
336 _atexto
_btxt
_2rdacontent
337 _asin mediación
_bn
_2rdamedia
338 _avolumen
_bnc
_2rdacarrier
490 0 _aBiblioteca de autor Marcel Proust
490 0 _aEl libro de bolsillo
521 _aRecomendado para adultos
534 _tʺ la recherche du temps perdu. 1. Du cotéde chez Swann
650 1 7 _aLiteratura francesa
_ySiglo XIX
_2rnbp
_92316
650 1 7 _aAmor en la literatura
_2rnbp
_969
650 1 7 _aVida social y costumbres en la literatura
_2rnbp
_969027
700 1 0 _aSalinas, Pedro,
_d1891-1951
_etrl
_962790
942 _2loc
_cBKLIT
999 _c60546
_d60546